[Event "1984 - Gruppe A"]
[Site "?"]
[Date "2008.??.??"]
[Round "5"]
[White "Elite A/S Budapest 8 Mhz, Fidelity"]
[Black "Turbostar 432 KSO, SciSys"]
[Result "1-0"]
[WhiteElo "1860"]
[BlackElo "1764"]
[Annotator "Peter Haupert"]
[PlyCount "103"]
[EventDate "2008.??.??"]

1. e4 e5 2. f4 exf4 3. Nf3 d5 4. exd5 Nf6 5. Bb5+ c6 6. dxc6 Nxc6 7. d4 Bd6 8.
Qe2+ Be6 9. Ng5 O-O 10. Nxe6 fxe6 11. Bxc6 bxc6 12. O-O Qc7 {
Ende Bibi Turbostar} 13. Qxe6+ Kh8 14. Qh3 {Ende Bibi Elite Budapest} Rae8 15.
c4 {+0.92 Elite} Ne4 16. c5 $2 Be7 $2 (16... Bxc5 $1 17. dxc5 Qe5 18. Qf3 Qxc5+
19. Kh1 Nf2+ 20. Kg1 Nd3+ 21. Kh1 Nxc1 $17) 17. Nc3 Bf6 18. Qd3 Nxc3 19. bxc3
Bh4 20. Qf3 g5 21. Bd2 Rb8 22. Rab1 Rfe8 $2 23. Rxb8 Rxb8 24. Be1 Bxe1 25. Rxe1
a6 26. d5 $2 {Qh5!} Qa7 27. Kh1 Qxc5 28. dxc6 Qa5 29. g3 Qxa2 $4 {
der entscheidende Fehlzug} 30. Qe4 Qa5 31. Qd4+ Kg8 32. Qc4+ (32. Re7 $1 Qa1+
33. Kg2 Rb2+ 34. Kh3 Qf1+ 35. Kg4 h5+ 36. Kxg5 Qb5+ 37. Re5 Rd2 38. Rxb5 Rxd4
39. cxd4) 32... Kh8 $2 {Kf8!} 33. gxf4 $2 {Pc7!} h6 $2 34. Qd4+ Kg8 35. Qd6 Rd8
36. Qg6+ Kf8 37. Qxh6+ Kf7 38. Qh5+ Kf8 39. Qxg5 Qxg5 40. fxg5 Rd6 41. Rf1+ Ke8
42. Rf6 Rd3 43. g6 Rd1+ 44. Kg2 Rd2+ 45. Kf1 Rd8 46. g7 Ke7 47. Rf8 Rd1+ 48.
Ke2 Rg1 49. c7 Rg2+ 50. Rf2 Rxf2+ 51. Kxf2 Kd7 52. g8=Q 1-0

[Event "1984 - Gruppe A"]
[Site "?"]
[Date "2008.??.??"]
[Round "6"]
[White "Prestige + CB16, Fidelity"]
[Black "Turbostar 432 KSO, SciSys"]
[Result "1-0"]
[WhiteElo "1700"]
[BlackElo "1764"]
[Annotator "Peter Haupert"]
[PlyCount "55"]
[EventDate "2008.??.??"]

1. e4 e5 2. Nf3 Nf6 3. d4 Nxe4 4. Bd3 d5 5. Nxe5 {Ende Bibi Prestige} Nd7 6.
O-O Nxe5 7. dxe5 Nc5 8. Be2 c6 9. Be3 Be7 10. c4 Be6 11. cxd5 Bxd5 12. Nc3 O-O
{besser Be6} 13. Qc2 (13. Nxd5 $1 Qxd5 14. Qxd5 cxd5 15. Rfd1 $18) 13... Qd7 $6
14. b4 $5 Ne6 15. Bd3 Bxb4 $2 16. Nxd5 cxd5 $2 {Qxd5!} 17. Bxh7+ Kh8 18. Rab1
$2 (18. Qf5 $1 Rfc8 19. Qh5 $18) 18... Rac8 $2 19. Qf5 $1 {
beim zweiten Mal die Chance ergriffen} Bc5 20. Qh5 Bxe3 $2 21. fxe3 Nf4 22.
Rxf4 Rc1+ 23. Rxc1 Qg4 24. Rxg4 Ra8 25. Bf5+ {Matt in 4} Kg8 26. Qh7+ Kf8 27.
Qh8+ Ke7 28. Rc7# 1-0

[Event "1984 - Gruppe A"]
[Site "?"]
[Date "2008.??.??"]
[Round "7"]
[White "Turbostar 432 KSO, SciSys"]
[Black "Constellation, Novag"]
[Result "1/2-1/2"]
[WhiteElo "1764"]
[BlackElo "1711"]
[Annotator "Peter Haupert"]
[PlyCount "196"]
[EventDate "2008.??.??"]

1. d4 f5 2. c4 Nf6 3. g3 e6 {Ende Bibi Constellation} 4. Bg2 Be7 5. Nf3 O-O 6.
O-O d5 7. Nc3 {Ende Bibi Turbostar} c5 8. cxd5 exd5 9. dxc5 Bxc5 10. Bg5 Be6 $2
11. Bxf6 Qxf6 $6 12. Nxd5 Qd8 13. Nf4 Bf7 14. Qxd8 Rxd8 15. Ne5 $2 (15. Ng5 $1
Rd7 16. Rfd1 Be7 17. Nxf7 Kxf7 18. Rd5 $18) 15... Nc6 16. Bxc6 bxc6 17. Nfd3
Bd6 18. Nxc6 Rdc8 19. Rfc1 h6 20. Nd4 g6 21. Nb5 Be7 22. Rxc8+ Rxc8 23. Nxa7
Rc2 24. a4 Bf6 25. Rc1 {besser Pa5!} Rxe2 26. b4 $2 {Der Zug sieht natürlich
aus, bringt aber das Läuferpaar des Constellation gefährlich ins Spiel.} Rd2
27. Rc8+ $2 Kg7 28. Nf4 $2 {schon ist der Vorteil verspielt} Bd4 $2 (28... g5
$1 29. Nc6 gxf4 30. gxf4 Bd5 $19) 29. Nb5 Bxf2+ 30. Kf1 Be3 31. h3 Rf2+ 32. Ke1
Ra2 33. Nd3 Bd2+ 34. Kd1 $2 Bb3+ 35. Ke2 Bxb4+ 36. Kf3 Bd1+ 37. Kf4 Bd2+ $2 38.
Ke5 Bxa4 39. Rc7+ Kf8 40. Rc8+ Ke7 41. Rc7+ Kd8 42. Ra7 Be3 43. Ra8+ Kd7 44.
Nb4 Ra1 45. Nc3 Bd2 46. Ra7+ Kd8 47. Kd6 $1 {Und wieder scheint sich das Blatt
zu wenden. Der Constellation steht an der Wand.} Kc8 48. Nbd5 Be1 49. Nxa4 Kb8
50. Re7 Bxg3+ 51. Kc6 Rc1+ 52. Nac3 Be1 53. Rb7+ Kc8 54. Rg7 Kb8 55. Kb6 Bf2+
56. Ka6 Ra1+ 57. Kb5 g5 58. Rh7 $2 g4 59. hxg4 fxg4 60. Rxh6 g3 61. Rh8+ Kb7
62. Rg8 Rc1 63. Rg7+ Kb8 64. Ne4 Rb1+ 65. Kc6 Rc1+ 66. Kd6 Rg1 67. Ke5 Re1 68.
Ne7 Rc1 69. Nf5 Bb6 70. Nexg3 Bc7+ 71. Ke4 Re1+ {
einfach Bxg3 mit technischem Remis} 72. Kf3 Rb1 73. Nh5 Rf1+ 74. Ke4 Rf2 75.
Rf7 Rd2 76. Nf6 Rf2 77. Nd5 Ba5 78. Rg7 Re2+ 79. Nfe3 Kc8 80. Ra7 Be1 $4 (80...
Bd8 $1 81. Ne7+ Bxe7 82. Rxe7 {Remis}) 81. Ne7+ Kd8 82. Nc6+ Kc8 83. Nd4 Rf2
84. Nc4 $4 (84. Nd5 $1 Rb2 85. Rc7+ Kb8 86. Nc6+ Ka8 87. Ra7#) 84... Rf6 85.
Nf5 Bf2 86. Rg7 Re6+ $2 87. Ne5 $2 Ra6 $2 88. Ne7+ $2 Kb8 89. Nd5 Ra2 90. Nc6+
Ka8 91. Nc3 Ra3 92. Nb5 Re3+ 93. Kf4 Re1 94. Kf3 Bg1 95. Nd6 Rf1+ 96. Kg2 Rf2+
97. Kxg1 Rg2+ 98. Kf1 Rxg7 {Am Ende ein schönes Remisbild} 1/2-1/2

[Event "1984 - Gruppe A"]
[Site "?"]
[Date "2008.??.??"]
[Round "8"]
[White "Glasgow 68000 EMU, Mephisto"]
[Black "Turbostar 432 KSO, SciSys"]
[Result "0-1"]
[WhiteElo "1700"]
[BlackElo "1764"]
[Annotator "Peter Haupert"]
[PlyCount "124"]
[EventDate "2008.??.??"]

1. d4 d5 2. Nf3 Nf6 {Ende Bibi Turbostar} 3. Bg5 {Ende Bibi Glasgow} Bf5 4. Na3
$6 e6 5. Nb5 $6 c6 6. Bxf6 gxf6 7. Nc3 Bb4 8. a3 Bxc3+ 9. bxc3 Qa5 10. Qd2 {
-0.94 Mephi Glasgow} Be4 11. Ng1 $5 Qa4 12. Rb1 b6 {direkt Pb5} 13. Rb3 Nd7 14.
f3 Bg6 15. e3 O-O-O $5 {eine riskante Entscheidung} 16. Nh3 e5 17. Bd3 Bxd3 18.
Qxd3 c5 19. Qb5 $6 Qxb5 20. Rxb5 Kc7 21. O-O Kc6 22. a4 a6 23. Rbb1 Rhg8 24.
Rfd1 Ra8 $2 {was will der Turm dort? Richtig Pf5!} 25. e4 $1 dxe4 26. d5+ $6
Kd6 27. fxe4 {+1.43 Mephi Glasgow} Rg4 {wieder Pf5!} 28. Nf2 Rf4 29. Rb3 f5 30.
g3 Rg8 31. Re1 $2 {einfach Kf1; raus aus der Schusslinie} fxe4 32. a5 b5 33.
Rbb1 $2 (33. Nxe4+ Kxd5 34. c4+ $1 bxc4 35. Rb7 Rxe4 36. Rxd7+ Ke6 37. Rxe4
Kxd7 38. Rxe5 $15) 33... f5 34. c4 bxc4 35. Rbd1 $2 Nf6 36. Rb1 Nxd5 37. Rb7
Rf3 38. Rxh7 e3 39. Rh6+ Ke7 40. Nd1 f4 41. Rxa6 fxg3 42. Ra7+ Ke6 43. Kg2 $4
Rf2+ 44. Kh1 gxh2 45. Ra6+ Kf5 46. Rh6 Rxc2 47. Rxh2 Rxh2+ 48. Kxh2 Ke4 49. Nb2
c3 50. Nc4 c2 51. Rc1 Kd3 52. Na3 Nb4 53. Ra1 Kc3 54. Nb5+ Kd2 55. Nd6 Rg4 56.
a6 c1=Q 57. Rxc1 Kxc1 58. a7 Rg8 59. Ne4 e2 60. a8=Q Rxa8 61. Nf2 e1=Q 62. Kg2
Ra2 0-1

[Event "1984 - Gruppe A"]
[Site "?"]
[Date "2008.??.??"]
[Round "10"]
[White "Turbostar 432 KSO, SciSys"]
[Black "MGS Steinitz Edition 4"]
[Result "1-0"]
[WhiteElo "1764"]
[BlackElo "1600"]
[Annotator "Peter Haupert"]
[PlyCount "35"]
[EventDate "2008.??.??"]

1. d4 Nf6 2. c4 g6 3. Nc3 d5 4. Nf3 Bg7 {Ende Bibi Steinitz} 5. Bg5 dxc4 6. e4
{Ende Bibi Turbostar} Be6 7. d5 Nxd5 $2 {eigenartig} 8. exd5 Bxc3+ 9. bxc3 Bxd5
$2 (9... Qxd5 10. Qxd5 Bxd5 11. O-O-O c6 $16) 10. Qd4 O-O $2 11. O-O-O c6 12.
Bh6 {droht Matt auf G7} e5 13. Nxe5 Re8 $4 14. Nxc6 Qg5+ 15. Bxg5 bxc6 16. Bh6
f6 17. Qxf6 Nd7 18. Qg7# {Bislang die kürzeste Mattpartie im Turnier} 1-0

[Event "1984 - Gruppe A"]
[Site "?"]
[Date "2008.??.??"]
[Round "6"]
[White "MGS Steinitz Edition 4"]
[Black "Constellation, Novag"]
[Result "0-1"]
[WhiteElo "1600"]
[BlackElo "1711"]
[Annotator "Peter Haupert"]
[PlyCount "128"]
[EventDate "2008.??.??"]

1. e4 e5 2. Nf3 Nc6 3. Bb5 a6 4. Bxc6 dxc6 5. O-O f6 {Ende Bibi Constellation}
6. d4 Bg4 7. dxe5 Qxd1 8. Rxd1 {Ende Bibi Steinitz} fxe5 9. Be3 Nf6 10. Nbd2
Bd6 11. c4 Bxf3 12. gxf3 {+0.14 Steinitz} Bb4 13. a3 Bxd2 14. Bxd2 {besser Rxd2
} Kf7 15. c5 $1 Ke6 16. Ba5 Nd7 17. Rac1 Rhf8 18. Bxc7 Rxf3 19. Rd6+ Ke7 20.
Rd2 Ke6 21. Bd6 $2 (21. Rd6+ Ke7 22. Rd2 Ke6 23. Rd6+ {
Remis durch Stellungswiederholung}) 21... Nf6 22. Re1 Rf4 23. Rde2 Ne8 24. Rd2
Rd8 25. Red1 Rxe4 26. Kh1 Rd4 27. Rxd4 exd4 28. Rxd4 {
Anfrage auf Capablanca Modul, aber es wird mit Steinitz fortgesetzt} Nxd6 29.
cxd6 Rxd6 30. Rh4 {Ein schwieriges Turmendspiel mit Minusbauer für Steinitz.
Kann er es trotzdem remis halten?} Rd1+ 31. Kg2 h6 32. Rg4 g5 33. Re4+ Kd7 34.
h4 $1 {Bauern an einem Flügel auflösen} gxh4 35. Rxh4 Rd6 36. Rg4 Re6 {Pc5!}
37. Kf1 h5 38. Rh4 $6 {zu passiv} Rh6 39. f4 c5 40. f5 $2 Kd6 41. a4 b6 42. Rf4
Rf6 43. Rf3 Ke5 44. Ke2 Rxf5 45. Rb3 Rf6 46. Rh3 Rh6 47. Rc3 h4 48. a5 Kd5 {
direkt Ph3!} 49. axb6 Rxb6 50. Rd3+ Ke5 51. b3 a5 52. Re3+ Kf5 $2 53. Rc3 Rc6
$2 {Rb5!} 54. Kd1 $2 (54. Rc4) 54... Kg4 55. Rc4+ Kg3 56. Rc3+ Kg2 57. Rc2+ Kf3
$2 {Kf1!} 58. Ra2 $2 h3 59. Re2 Rg6 60. Re1 h2 61. Kd2 Rg1 62. Re3+ Kf4 63. Rh3
h1=Q 64. Rxh1 Rxh1 0-1

[Event "1984 - Gruppe A"]
[Site "?"]
[Date "2008.??.??"]
[Round "7"]
[White "MGS Steinitz Edition 4"]
[Black "Prestige + CB16, Fidelity"]
[Result "0-1"]
[WhiteElo "1600"]
[BlackElo "1700"]
[Annotator "Peter Haupert"]
[PlyCount "86"]
[EventDate "2008.??.??"]

1. d4 d5 2. c4 e6 3. Nc3 Nf6 4. cxd5 exd5 5. Bg5 c6 {Ende Bibi Prestige} 6. e3
{Ende Bibi Steinitz} Bd6 7. Bd3 O-O 8. Nf3 h6 9. Bxf6 Qxf6 10. Qb3 Na6 11. Bxa6
$6 {überläßt Schwarz das Läuferpaar} bxa6 12. Qa4 Bb7 $6 {Rab8!} 13. O-O Qe6
14. h3 {besser Rac1} Rab8 15. Rac1 Qe7 16. a3 Qe6 17. Ne2 Rbe8 18. Qb3 {Pb4!}
Qd7 {beide Computer warten auf einen Fehler des anderen} 19. Qd3 a5 20. Rfe1 {
+0.34 Steinitz} Qc8 21. Qc2 Qc7 {Prestige zieht nur noch mit der Dame} 22. Qf5
Qb6 23. Rc2 Bc8 24. Qh5 Bd7 25. Rec1 {Steinitz versucht auf der C-Linie Druck
auszuüben gegen den rückständigen schwarzen Bauern} Qb8 26. Qh4 f5 $1 {
Dem Prestige wird es zu bunt. Attacke!} 27. g3 $2 Re4 28. Nf4 Be8 $1 29. Nd2 $2
Be7 {und die Dame ist gefangen} 30. Nxe4 Bxh4 31. Ne6 $2 Rf7 (31... fxe4 32.
gxh4 Rf3 $19) 32. gxh4 fxe4 33. Kh1 Qc8 34. Nf4 Rxf4 $1 35. exf4 Qxh3+ 36. Kg1
Qxh4 37. Rc5 Qxf4 38. R1c2 Qg4+ 39. Kh2 Qd1 40. a4 Qxd4 41. Rxa5 Qb4 42. Ra6
Qb7 43. Raxc6 Bxc6 0-1

[Event "1984 - Gruppe A"]
[Site "?"]
[Date "2008.??.??"]
[Round "8"]
[White "Elite A/S Budapest 8 Mhz, Fidelity"]
[Black "MGS Steinitz Edition 4"]
[Result "1-0"]
[WhiteElo "1860"]
[BlackElo "1600"]
[Annotator "Peter Haupert"]
[PlyCount "75"]
[EventDate "2008.??.??"]

1. c4 c5 2. Nc3 Nf6 3. g3 d5 4. cxd5 Nxd5 5. Bg2 Nc7 6. Nf3 Nc6 7. O-O e5 8. d3
Be7 9. Nd2 Bd7 {Ende Bibi Steinitz} 10. Nc4 {Ende Bibi Elite Budapest} f6 11.
Qb3 Rb8 12. Ne4 Kf8 $2 {verzichtet auf die Rochade} 13. Ncd6 $6 Ne6 (13... Be6
$1 14. Nxb7 Qc8 15. Ned6 Qd7 16. Qa4 Nd5 17. Nxc5 Qxd6 18. Nxe6+ Qxe6 19. Qc4
Rd8 20. Be3 $13) 14. Nxc5 $5 {Elite geht ein hohes Risiko} Ncd4 15. Nxe6+ $2
Bxe6 16. Nxb7 Nxe2+ 17. Kh1 Bxb3 18. Nxd8 Rxd8 19. axb3 {+0.50 Elite} Bc5 20.
Be4 Nd4 21. b4 Nc2 22. Ra5 Bb6 23. Ra4 g5 24. f4 $1 exf4 25. gxf4 g4 26. Bd2
Kg7 27. Rc1 Nd4 28. Bc3 Ne2 29. Rca1 Nxf4 $2 30. Rxa7+ Kg8 $2 (30... Bxa7 31.
Rxa7+ Kf8 32. Bxf6 Rc8 33. Ra1 Rg8) 31. Rb7 Bd4 32. Bxd4 Rf8 33. Raa7 Ne6 34.
Bd5 Rf7 35. Rxf7 {mit Mattankündigung} g3 36. Bxe6 g2+ 37. Kxg2 f5 38. Rxf5#
1-0

[Event "1984 - Gruppe A"]
[Site "?"]
[Date "2008.??.??"]
[Round "9"]
[White "Glasgow 68000 EMU, Mephisto"]
[Black "MGS Steinitz Edition 4"]
[Result "1-0"]
[WhiteElo "1700"]
[BlackElo "1600"]
[Annotator "Peter Haupert"]
[PlyCount "137"]
[EventDate "2008.??.??"]

1. e4 e6 2. d4 d5 3. Nc3 Nf6 4. e5 Nfd7 5. f4 c5 6. Nf3 Nc6 {Ende Bibi Steinitz
} 7. Be3 {Ende Bibi Mephisto Glasgow} cxd4 8. Nxd4 Bb4 9. Nxc6 bxc6 10. Qd2 Qa5
11. Bd3 Bxc3 12. Qxc3 Qxc3+ 13. bxc3 f6 14. O-O fxe5 15. fxe5 Nxe5 16. Bd4 Nxd3
17. cxd3 Ba6 18. Rf3 Rf8 19. Rh3 Rg8 20. Re1 Kf7 21. Rf3+ Ke7 22. Bc5+ {
+1.43 Glasgow} Kd7 {-0.25 Steinitz} 23. Rf7+ Ke8 24. Re7+ Kd8 25. R1xe6 Bxd3
26. Bxa7 Bb5 27. Rf7 h5 28. Ree7 Kc8 29. Rc7+ Kd8 30. Rfd7+ Ke8 31. Re7+ Kd8
32. Rcd7+ Kc8 33. a3 g5 34. Rh7 Rf8 35. Rc7+ Kd8 36. Rhd7+ Ke8 37. Re7+ Kd8 38.
Rcd7+ Kc8 39. h3 Rf1+ 40. Kh2 Rf8 41. Rc7+ Kd8 42. Red7+ Ke8 43. Rg7 g4 44.
Rce7+ Kd8 45. Bb6+ Kc8 46. Rc7+ Kb8 47. Bc5 Re8 48. Ba7+ Rxa7 49. Rxa7 Re4 50.
Rgb7+ Kc8 51. Rh7 Kb8 52. Rag7 Ba6 53. Rg8+ Bc8 54. Rhh8 Kb7 55. Rxc8 Re2 56.
Rb8+ Kc7 57. Rb3 gxh3 58. Kxh3 Re3+ 59. g3 d4 60. Rxh5 Kd7 61. Kg4 dxc3 62. Rc5
Re4+ 63. Kg5 c2 64. Rd3+ Kc7 65. Kf5 Re2 66. Rdc3 Rf2+ 67. Kg6 Kb7 68. Rxc6 Rf1
69. g4 1-0

[Event "1984 - Gruppe A"]
[Site "?"]
[Date "2008.??.??"]
[Round "9"]
[White "Ambassador 2 MHz, Conchess"]
[Black "Turbostar 432 KSO, SciSys"]
[Result "0-1"]
[WhiteElo "1600"]
[BlackElo "1764"]
[Annotator "Peter Haupert"]
[PlyCount "98"]
[EventDate "2008.??.??"]

1. e4 e5 2. Nf3 Nf6 3. Nc3 {Ende Bibi Ambassador} Bb4 4. Nxe5 O-O $1 5. Bd3 $6
Re8 6. Nf3 Nxe4 7. Nxe4 $2 {0-0!} d5 $1 {mit Figurengewinn für den Turbostar}
8. O-O dxe4 9. a3 Bd6 10. Bxe4 Rxe4 11. d3 Re8 12. Bg5 f6 13. Be3 Nc6 14. h3
Qe7 15. d4 Bf5 16. d5 $2 {Pc4!} Ne5 17. Nd4 Bg6 {aktiver Be4} 18. Ne6 $5 c6 19.
Nf4 Bf5 20. dxc6 bxc6 21. Qe2 Rab8 22. Rab1 Rbd8 23. Rfd1 h6 24. Rbc1 Rb8 $6 {
Turbostar kommt nicht weiter in seiner Stellung} 25. Rb1 {Pb4!} Rbd8 26. Rbc1
Qb7 27. Qh5 $2 g6 28. Qxh6 Nf7 29. Qh4 g5 {mit weiterem Figurengewinn} 30. Qg3
$2 {Qh5} Qxb2 31. Bd4 Qxc1 $1 32. Rxc1 Bxf4 33. Qc3 Bxc1 34. a4 Bxc2 (34...
Rxd4 $1 35. Qxd4 Re1+ 36. Kh2 Be4 37. f3 Bf4+ 38. g3 Re2+ 39. Kg1 Be3+) 35. a5
f5 {wieder Rxd4!} 36. a6 Ba4 {Rxd4 wird nicht erkannt} 37. Bxa7 Bf4 38. g3 Rd1+
39. Kh2 Be5 40. Qe3 $2 f4 41. Qa3 fxg3+ 42. fxg3 Bd4 43. Qa2 Bb3 44. Qg2 Bd5
45. Bxd4 Re2 46. Bf2 Rxf2 47. h4 Ne5 48. h5 Rxg2+ 49. Kh3 Rh1# 0-1

[Event "1984 - Gruppe A"]
[Site "?"]
[Date "2008.??.??"]
[Round "10"]
[White "Ambassador 2 MHz, Conchess"]
[Black "MGS Steinitz Edition 4"]
[Result "1-0"]
[WhiteElo "1600"]
[BlackElo "1600"]
[Annotator "Peter Haupert"]
[PlyCount "103"]
[EventDate "2008.??.??"]

1. e4 e5 2. Nf3 Nc6 3. d4 exd4 4. Nxd4 Nf6 5. Nc3 Bb4 6. Nxc6 {
Ende Bibi Ambassador} bxc6 {Ende Bibi Steinitz} 7. Bg5 Bxc3+ 8. bxc3 h6 9. Bxf6
Qxf6 10. Qd4 Qg5 11. h4 $5 Qg4 12. Qe5+ Kf8 13. Rd1 $6 d6 14. Qd4 Be6 {
+0.53 Steinitz} 15. Qa4 Bd5 $6 {besser Re8!} 16. Rd4 Re8 17. Qxa7 $4 (17. f3
Qg3+ 18. Kd1 Re7 $15) 17... Bxe4 18. f3 Qg3+ 19. Kd1 Bxf3+ 20. Kc1 Bxg2 (20...
c5 $1 21. Rd3 Qe1+ 22. Kb2 Be4 23. Rdh3 Qf2 $19) 21. Bxg2 Qxg2 22. Rhd1 c5 23.
Rf4 Qg3 $2 {Pg5!} 24. Rdf1 Re1+ $2 {schwächt die 8.Reihe} 25. Kb2 f6 $6 {
besser Kg8} (25... Rxf1 $4 26. Qb8+ Ke7 27. Qxc7+ Ke8 28. Ra4) 26. Rxe1 Qxe1
27. Qb8+ Qe8 28. Qxc7 Qe5 29. Ra4 Kg8 30. Ra6 d5 $4 {
Kh7! um endlich den Turm zu befreien und den König zu sichern} 31. Ra8+ Kh7 32.
Rxh8+ Kxh8 33. Qxe5 fxe5 34. Kc1 $4 {Ambassador erkennt nicht, dass nach Pa4
der schwarze König außerhalb des Quadrats steht.} e4 $2 {Pg5!} 35. Kd2 $2 {Pa4}
d4 $2 {Pg5} 36. h5 $2 {Pa4} Kg8 $2 {Pg5} 37. a4 {
Nach mehreren Anläufen setzt sich der A-Bauer in Bewegung} Kf7 38. a5 Ke6 39.
a6 e3+ {erst jetzt erkennt Steinitz die Bauernumwandlung auf A8} 40. Ke2 Kd5
41. a7 Ke5 42. a8=Q Ke6 43. Qc6+ Kf7 44. Qxc5 dxc3 45. Qxc3 Kg8 46. Qb3+ Kh7
47. Qe6 Kh8 48. Kxe3 g6 49. Qf6+ Kg8 50. hxg6 h5 51. Qf7+ Kh8 52. Qh7# 1-0

[Event "1984 - Gruppe A"]
[Site "?"]
[Date "2008.??.??"]
[Round "7"]
[White "Ambassador 2 MHz, Conchess"]
[Black "Glasgow 68000 EMU, Mephisto"]
[Result "0-1"]
[WhiteElo "1600"]
[BlackElo "1700"]
[Annotator "Peter Haupert"]
[PlyCount "62"]
[EventDate "2008.??.??"]

1. e4 e5 2. Nf3 Nc6 3. d4 exd4 4. Nxd4 {Ende Bibi Ambassador} Qf6 5. Nxc6 Bc5 {
Ende Bibi Glasgow} 6. Nd4 $2 Bxd4 7. Qd2 Bxb2 8. Bxb2 Qxb2 9. Qc3 Qxc3+ (9...
Qc1+ 10. Ke2 Qg5 11. Qxc7 Nf6 12. Nc3 O-O $17) 10. Nxc3 c6 $6 {besser Pd6} 11.
Bc4 $2 {0-0-0!} b5 12. Bb3 Nf6 {+0.92 Glasgow} 13. a3 O-O 14. O-O a5 $2 15. e5
$1 Ng4 16. Rae1 $2 {der falsche Turm; richtig Rfe1!} b4 17. axb4 axb4 18. Re4
bxc3 19. Rxg4 d5 20. Rg3 d4 21. Rd1 Be6 $1 {
wickelt in ein gewonnenes Turmendspiel ab} 22. Bxe6 fxe6 23. Rg4 c5 24. Rb1 $2
Ra2 25. Rc1 Rb8 26. Re4 $2 {Der König braucht ein Luftloch!} Rxc2 27. Ree1 Ra2
28. Ra1 $2 Rxa1 29. Rxa1 c2 30. f4 Rb1+ 31. Rxb1 cxb1=Q+ 0-1

[Event "1984 - Gruppe A"]
[Site "?"]
[Date "2008.??.??"]
[Round "8"]
[White "Prestige + CB16, Fidelity"]
[Black "Glasgow 68000 EMU, Mephisto"]
[Result "1-0"]
[WhiteElo "1700"]
[BlackElo "1700"]
[Annotator "Peter Haupert"]
[PlyCount "191"]
[EventDate "2008.??.??"]

1. e4 e5 2. f4 {Königsgambit} exf4 3. Nf3 {Ende Bibi Prestige, trotz CB16.} d6
4. d4 g5 {Ende Bibi Mephisto Glasgow} 5. Bb5+ c6 6. Be2 g4 7. Ng1 Qh4+ 8. Kf1
Nf6 9. Bxf4 {
+0.89 Prestige steht mit dem Rücken zur Wand, erkennt es aber nicht} Nxe4 10.
g3 Qh5 11. Kg2 Bg7 {+1.09 Glasgow} 12. c4 Na6 13. h3 $2 gxh3+ 14. Kh2 Qf5 15.
Bf1 Be6 16. Nxh3 O-O-O 17. Nc3 d5 $2 {Ph5!} 18. cxd5 Nxc3 19. bxc3 Rxd5 20.
Bxa6 Qxh3+ 21. Kg1 Qg4 22. Qxg4 Bxg4 23. Bc4 {
Prestige konnte alle Angriffsfiguren des Schwarzen abtauschen} Rd7 24. Re1 Bf3
25. Rh2 c5 26. Re3 Bc6 27. dxc5 Rd1+ 28. Kf2 Bd5 29. Be2 Rd2 30. a3 Rc2 31. Re7
Bxc3 32. Ke3 Kd8 33. Rd7+ Kxd7 34. Bb5+ Bc6 35. Rxc2 Re8+ 36. Kd3 Bg7 37. Bxc6+
Kxc6 38. Rh2 h6 39. Be3 Re5 40. Bxh6 Rd5+ 41. Ke4 f5+ 42. Kf3 Bd4 43. Bf8 Rd8
44. Bd6 Bxc5 45. Bxc5 Kxc5 46. Rh5 Rd3+ 47. Kf4 Rxa3 48. Rxf5+ Kc6 49. g4 Ra4+
50. Kg3 Kc7 51. Rf7+ Kc8 52. Rf8+ Kd7 53. Rf7+ Ke6 $6 {Kc6/c8 Remis} 54. Rxb7
Ra3+ 55. Kh4 Ra5 56. g5 Kf5 57. Kh5 Kf4 $2 {Glasgow unterschätzt den Freibauern
} 58. Rb4+ Kf5 59. Rd4 Ra1 60. Rd5+ Ke4 61. Rd6 Ke5 62. Rc6 a5 63. Rc5+ Kd6 64.
Rc3 a4 65. g6 Ke7 $2 {Pa3!} 66. Kh6 Rg1 67. g7 Rh1+ 68. Kg6 Rg1+ 69. Kh7 Rh1+
70. Kg8 {gut gesichert} Rg1 71. Rc7+ Ke6 72. Rc6+ Ke7 73. Ra6 Rg4 74. Ra8 Ke6
75. Kh7 Rh4+ 76. Kg6 Rg4+ 77. Kh6 a3 78. g8=Q+ Rxg8 79. Rxg8 Kd5 80. Ra8 a2 81.
Ra4 a1=Q 82. Rxa1 Kd4 83. Kg5 Kd5 84. Kf4 Kd4 85. Rd1+ Kc4 86. Ke5 Kc3 87. Kd5
Kc2 88. Rd4 Kc3 89. Kc5 Kb2 90. Kc4 Kc2 91. Rd3 Kb2 92. Rd2+ Kc1 93. Kc3 Kb1
94. Rd1+ Ka2 95. Rc1 Ka3 96. Ra1# 1-0

[Event "1984 - Gruppe A"]
[Site "?"]
[Date "2008.??.??"]
[Round "9"]
[White "Elite A/S Budapest 8 Mhz, Fidelity"]
[Black "Glasgow 68000 EMU, Mephisto"]
[Result "0-1"]
[WhiteElo "1860"]
[BlackElo "1700"]
[Annotator "Peter Haupert"]
[PlyCount "70"]
[EventDate "2008.??.??"]

1. e4 e5 2. Nf3 Nc6 3. Bc4 Bc5 4. c3 Nf6 5. d4 exd4 6. cxd4 Bb4+ 7. Bd2 Bxd2+
8. Nbxd2 d5 9. exd5 Nxd5 10. Qb3 {Ende Bibi Budapest} Na5 {
Ende Bibi Mephi Glasgow} 11. Qa3 {Qa4+!} Nxc4 12. Nxc4 Qe7+ 13. Qxe7+ Nxe7 14.
O-O Be6 15. Nce5 Rd8 {+0.31 Mephisto Glasgow} 16. Rfe1 c6 17. Re3 $6 Nf5 $1 18.
Nxf7 $4 {Sieht beeindruckend aus, aber die Rechnung des Elite stimmt nicht}
Kxf7 19. Ng5+ Kf6 20. Nxe6 Nxe3 21. Nxd8 Nc2 22. Nxc6 Nxa1 23. Nxa7 Ra8 24. Nb5
Rxa2 25. d5 Rxb2 26. Nc3 Rc2 27. Ne4+ Ke5 28. f3 Kxd5 29. Ng3 b5 30. Nh5 b4 31.
Nf4+ Kc4 32. g3 b3 33. Ng2 b2 34. Ne3+ Kd3 35. Nxc2 b1=Q+ 0-1

[Event "1984 - Gruppe A"]
[Site "?"]
[Date "2008.??.??"]
[Round "10"]
[White "Glasgow 68000 EMU, Mephisto"]
[Black "Constellation, Novag"]
[Result "1/2-1/2"]
[WhiteElo "1700"]
[BlackElo "1711"]
[Annotator "Peter Haupert"]
[PlyCount "153"]
[EventDate "2008.??.??"]

1. e4 d6 {Ende Bibi Constellation} 2. Nf3 Nf6 3. Nc3 e5 4. d4 exd4 5. Nxd4 {
Ende Bibi Glasgow} Be7 6. Bd3 O-O 7. O-O d5 8. Bf4 Bc5 9. Nb3 dxe4 10. Nxc5 {
+0.86 Glasgow} exd3 11. Qxd3 Nbd7 12. N5e4 Nxe4 13. Nxe4 Re8 14. Rfe1 Re6 15.
h3 Qe7 16. Qd5 Nb6 17. Qg5 f6 18. Qf5 Rc6 19. Qh5 Be6 20. c3 Nd5 21. Bg3 Bf7
22. Qd1 Qd7 23. Qd4 Qf5 24. a4 Rb6 25. c4 Nb4 26. Bxc7 Nc2 27. Bxb6 Nxd4 28.
Bxd4 Bxc4 29. Rac1 {-0.05 Glasgow} Bd5 30. Nc3 Bc6 31. Ra1 Qg5 32. Ne4 Qh4 33.
f3 Kh8 34. a5 Re8 35. Bxa7 Bxe4 36. Bf2 Qf4 37. fxe4 Rxe4 38. Red1 Kg8 39. Rd8+
Kf7 40. Rf1 Qe5 41. Rd7+ Kg6 42. Rxb7 Qxa5 43. Rc1 Re2 44. b4 Qd5 45. Rbc7 Qd2
46. Rf1 Qxb4 47. Bg3 Qb6+ 48. Kh1 Qb2 49. Rg1 f5 50. Bd6 Qb6 51. Bg3 Qe3 52.
Rc6+ Kh5 53. Bh2 Qf2 54. Rcc1 Kg6 55. Rcf1 Qe3 56. Bd6 Kg5 57. Rf3 Qd2 58. Bf4+
Qxf4 59. Rxf4 Kxf4 60. Rd1 h6 61. Rd4+ Kg3 62. Rd3+ Kf4 63. Rd4+ Kg5 64. Kh2 f4
65. Kg1 Kf5 66. Rd6 Rc2 67. Rd4 g6 68. Rd6 Rc1+ 69. Kf2 Rc2+ 70. Kg1 Rb2 71. h4
h5 72. Rd5+ Kg4 73. Rg5+ Kxh4 74. Rxg6 Rc2 75. Rg8 Re2 76. Rg7 Rd2 77. Rg8
1/2-1/2

[Event "1984 - Gruppe A"]
[Site "?"]
[Date "2008.??.??"]
[Round "1"]
[White "MGS Steinitz Edition 4"]
[Black "Constellation 3.6, Novag"]
[Result "1-0"]
[WhiteElo "1600"]
[BlackElo "1742"]
[Annotator "Peter Haupert"]
[PlyCount "79"]
[EventDate "2008.??.??"]

1. e4 c5 2. Nf3 d6 3. d4 cxd4 4. Nxd4 Nf6 5. Nc3 a6 6. f4 e5 7. Nf3 Qc7 {
Ende Bibi Constellation 3.6} 8. Bd3 Be7 9. O-O {Ende Bibi Steinitz} exf4 10.
Be2 Nc6 11. Rb1 Qb6+ 12. Kh1 Ng4 $2 13. Bxf4 Nf2+ {
Wer A sagt muß auch B sagen, oder?} 14. Rxf2 Qxf2 15. Nd5 $1 Bh3 $4 (15... Qa7
16. Nc7+ Kf8 17. Bxd6 $1 $18) 16. gxh3 Qc5 17. Nc7+ Kd7 18. Nxa8 Rxa8 19. e5 d5
20. c3 Qa5 21. Bc4 Ke6 22. Bb3 g6 23. Ng5+ Bxg5 24. Qg4+ f5 25. exf6+ Kf7 26.
Qxg5 Rd8 27. Qh6 Qc5 28. Bg5 Qf2 29. Qxh7+ Ke6 30. Qxb7 Kd6 31. Ba4 Qf3+ 32.
Kg1 Qe4 33. Qxc6+ Ke5 34. Rf1 Rc8 35. Qd7 Rxc3 36. bxc3 Qe3+ 37. Bxe3 Ke4 38.
Bd4 Kd3 39. Rd1+ Ke2 40. Qg4# {Sauber gespielt vom Steinitz!} 1-0